000 00541nam a2200193Ia 4500
003 GCL
008 140319s9999 xx 000 0 ara d
040 _aGCL /
_cGCL
082 0 4 _a843.03
_bه ب
100 1 _aهيجو, فيكتور
245 1 0 _aالبؤساء /
_cهيجو, فيكتور
700 1 _aنظمى لوقا
300 _aمتعدد
490 _a
650 0 4 _aالادب الفرنسى
650 0 4 _aالادب العالمى المترجم
650 0 4 _aالقصص الفرنسية المترجمة
942 _2ddc
_cBK
999 _c46284
_d46284